00942nam a22001817a 4500041000800000082001300008100001500021245002000036260002300056300000700079520030200086650003100388942000700419952010500426952010600531952010600637999001700743 aEng a232bWRI aWright N T aFollowing Jesus aDelhibISPCKc1994 a96 aThis work outlines the essential message of six major New Testament books, looking in particular at their portrayal of Jesus and what he accomplished in his sacrificial death. It also explores the significance of six key themes from the New Testament, including rebirth, heaven, hell and new life. aChristian life -- Sermons. cBK 00104070aHMIbHMIcGENd2020-06-03eISPCKg95.00l0o232 WRIp11-4461r2020-06-03w2020-06-03yBK 00104070aHMIbHMIcGENd2020-06-03eISPCKg95.00l0o232 WRIp11004244r2026-01-16w2026-01-16yBK 00104070aHMIbHMIcGENd2020-06-03eISPCKg95.00l0o232 WRIp11004243r2026-01-16w2026-01-16yBK c22886d22886